[Event "EU-chT Seniors 65"]
[Site "Terme Catez"]
[Date "2024.05.11"]
[Round "5.4"]
[White "Hammar, Bengt Erik"]
[Black "Strobel, Ferdinand"]
[Result "1-0"]
[WhiteElo "2141"]
[BlackElo "1960"]
[PlyCount "65"]
[EventDate "2024.05.07"]
[EventType "team-swiss"]
[EventRounds "9"]
[EventCountry "SLO"]
[SourceTitle "CB20_2024"]
[SourceDate "2024.05.16"]
[SourceVersion "1"]
[SourceVersionDate "2024.05.16"]
[SourceQuality "1"]
[WhiteTeam "Sweden 65"]
[BlackTeam "Austria 65"]
[WhiteTeamCountry "SWE"]
[BlackTeamCountry "AUT"]

1. e4 d6 2. d4 Nf6 3. Nc3 g6 4. f4 Bg7 5. Nf3 c5 6. dxc5 Qa5 7. Bd3 Qxc5 8. Qe2 0-0 9. Be3 Qa5 10. 0-0 Bg4 11. h3 Bxf3 12. Qxf3 Nc6 13. a3 Nd7 14. Bd2 Qb6+ 15. Kh1 Nc5 16. Nd5 Qd8 17. Bc3 e6 18. Bxg7 Kxg7 19. Nc3 Nxd3 20. Qxd3 f5 21. Rad1 fxe4 22. Nxe4 d5 23. Ng5 Qd6 24. c4 Rae8 25. cxd5 exd5 26. Qxd5 Qxd5 27. Rxd5 Re7 28. Rd6 Rf6 29. Rfd1 h6 30. Rxf6 Kxf6 31. Rd6+ Kf5 32. Nf3 Re2 33. Rxc6 1-0

[Event "EUR-chT Seniors 65"]
[Site "Mali Losinj"]
[Date "2019.09.24"]
[Round "7.4"]
[White "Durkan, Joe"]
[Black "Strobel, Ferdinand"]
[Result "0-1"]
[WhiteElo "1459"]
[BlackElo "1956"]
[PlyCount "64"]
[EventDate "2019.09.18"]
[EventType "team-swiss"]
[EventRounds "9"]
[EventCountry "CRO"]
[SourceTitle "EXT 2020"]
[Source "ChessBase"]
[SourceDate "2019.10.17"]
[SourceVersion "1"]
[SourceVersionDate "2019.10.17"]
[SourceQuality "1"]
[WhiteTeam "Ireland 65"]
[BlackTeam "Austria 65"]
[WhiteTeamCountry "IRL"]
[BlackTeamCountry "AUT"]

1. e4 d6 2. d4 Nf6 3. Nc3 g6 4. g3 Bg7 5. Bg2 0-0 6. Nge2 c6 7. 0-0 Qa5 8. Bd2 e5 9. Nd5 Qd8 10. Nxf6+ Bxf6 11. dxe5 dxe5 12. Qc1 Na6 13. a3 Be6 14. Rd1 Qe7 15. Bb4 Nxb4 16. axb4 Qxb4 17. Nc3 b5 18. Ra6 Rfc8 19. Nd5 cxd5 20. exd5 Bg4 21. f3 Bf5 22. Rxf6 Rxc2 23. Qa1 Qc5+ 24. Kh1 Qf2 25. Rg1 Bh3 26. Qf1 Qd2 27. Rc6 Rxb2 28. Rc1 Rd8 29. Rd1 Bxg2+ 30. Rxg2 Qxg2+ 31. Qxg2 Rxg2 32. Kxg2 Rd6 0-1

[Event "WchT Seniors 65"]
[Site "Rhodes"]
[Date "2019.04.18"]
[Round "3.8"]
[White "Bhopal, Raj"]
[Black "Strobel, Ferdinand"]
[Result "1/2-1/2"]
[WhiteElo "1900"]
[BlackElo "1974"]
[PlyCount "55"]
[EventDate "2019.04.16"]
[EventType "team-swiss"]
[EventRounds "9"]
[EventCountry "GRE"]
[SourceTitle "CBM 190 Extra"]
[Source "ChessBase"]
[SourceDate "2019.07.15"]
[SourceVersion "1"]
[SourceVersionDate "2019.07.15"]
[SourceQuality "1"]
[WhiteTeam "Scotland II"]
[BlackTeam "Vienna"]
[WhiteTeamCountry "SCO"]
[BlackTeamCountry "AUT"]

1. e4 d6 2. d4 Nf6 3. Nc3 g6 4. Nf3 Bg7 5. Be2 0-0 6. 0-0 c6 7. h3 b5 8. a3 a6 9. Be3 Nbd7 10. Qd2 Bb7 11. e5 Ne8 12. Bh6 Nc7 13. exd6 exd6 14. Bg5 Nf6 15. Rad1 Ne6 16. Bh4 Qc7 17. Bg3 a5 18. b4 axb4 19. axb4 Qd7 20. Rfe1 Nc7 21. Ng5 d5 22. Nf3 Ne4 23. Nxe4 dxe4 24. Ne5 Qe7 25. Bf1 Nd5 26. c3 Ra3 27. Rc1 f5 28. Nd3 1/2-1/2

[Event "Niederoesterreich Landesliga 1718"]
[Site "Austria"]
[Date "2018.04.15"]
[Round "11.3"]
[White "Strobel, Ferdinand"]
[Black "Vrana, Frantisek"]
[Result "0-1"]
[WhiteElo "2036"]
[BlackElo "2253"]
[PlyCount "59"]
[EventDate "2017.10.01"]
[EventType "team-tourn"]
[EventRounds "11"]
[EventCountry "AUT"]
[SourceTitle "EXT 2021"]
[Source "ChessBase"]
[SourceDate "2020.10.23"]
[SourceVersion "1"]
[SourceVersionDate "2020.10.23"]
[SourceQuality "1"]
[WhiteTeam "Boehlerwerk"]
[BlackTeam "Mistelbach"]
[WhiteTeamCountry "AUT"]
[BlackTeamCountry "AUT"]

1. f4 d5 2. Nf3 Nf6 3. e3 g6 4. d4 Bg7 5. Bd3 0-0 6. 0-0 c5 7. c3 c4 8. Bc2 Bf5 9. Nbd2 Nbd7 10. Ne5 Nb6 11. g4 Bxc2 12. Qxc2 Nc8 13. b3 cxb3 14. axb3 Nd6 15. c4 Qc8 16. Qd1 Nfe8 17. c5 Nb5 18. Bb2 f6 19. Nd3 f5 20. g5 Qe6 21. Qf3 a6 22. Rf2 Nec7 23. h4 Na7 24. h5 Nc6 25. h6 Bh8 26. Bc3 Nb5 27. Nb1 Qe4 28. Qxe4 fxe4 29. Nb2 e6 30. Na4 0-1

[Event "Niederoesterreich Landesliga 1718"]
[Site "Austria"]
[Date "2017.10.29"]
[Round "3.3"]
[White "Scheffknecht, Philipp"]
[Black "Strobel, Ferdinand"]
[Result "1/2-1/2"]
[WhiteElo "2109"]
[BlackElo "2036"]
[PlyCount "107"]
[EventDate "2017.10.01"]
[EventType "team-tourn"]
[EventRounds "11"]
[EventCountry "AUT"]
[SourceTitle "EXT 2019"]
[Source "ChessBase"]
[SourceDate "2018.10.10"]
[SourceVersion "1"]
[SourceVersionDate "2018.10.10"]
[SourceQuality "1"]
[WhiteTeam "Krems Voest"]
[BlackTeam "Boehlerwerk"]
[WhiteTeamCountry "AUT"]
[BlackTeamCountry "AUT"]

1. d4 f5 2. c4 Nf6 3. Nc3 g6 4. g3 Bg7 5. Bg2 0-0 6. Nh3 d6 7. 0-0 c6 8. Rb1 e5 9. dxe5 dxe5 10. Qxd8 Rxd8 11. e4 Be6 12. b3 h6 13. exf5 Bxf5 14. Rb2 Na6 15. f3 g5 16. Nf2 Nc5 17. Be3 Ne6 18. Rd1 Rxd1+ 19. Nfxd1 a6 20. Rd2 Rd8 21. Rxd8+ Nxd8 22. Bb6 Nf7 23. Ne3 Be6 24. Na4 Nd7 25. Nc5 Nxc5 26. Bxc5 Bf8 27. Bb6 Be7 28. Bf1 Bd8 29. Bxd8 Nxd8 30. c5 Kf7 31. Kf2 Ke7 32. Bd3 Kf6 33. Ke2 h5 34. Kd2 Bd5 35. Be4 Bxe4 36. fxe4 Ne6 37. b4 Nd4 38. Nc4 Nf3+ 39. Ke2 Nxh2 40. Nd6 h4 41. gxh4 gxh4 42. Nxb7 Ng4 43. Nd8 h3 44. Kf3 Kg5 45. Kg3 h2 46. Kg2 Kf4 47. Nxc6 Kxe4 48. Ne7 Kd3 49. c6 Ne3+ 50. Kxh2 Nc4 51. c7 Nd6 52. a4 Kc4 53. b5 axb5 54. axb5 1/2-1/2

[Event "Niederoesterreich Landesliga 1617"]
[Site "Austria"]
[Date "2017.03.26"]
[Round "10.3"]
[White "Steiner, Heinz"]
[Black "Strobel, Ferdinand"]
[Result "1/2-1/2"]
[WhiteElo "2140"]
[BlackElo "2037"]
[PlyCount "22"]
[EventDate "2016.10.02"]
[EventType "team-tourn"]
[EventRounds "11"]
[EventCountry "AUT"]
[SourceTitle "EXT 2018"]
[Source "ChessBase"]
[SourceDate "2017.10.13"]
[SourceVersion "1"]
[SourceVersionDate "2017.10.13"]
[SourceQuality "1"]
[WhiteTeam "Mostarrichi"]
[BlackTeam "Boehlerwerk"]
[WhiteTeamCountry "AUT"]
[BlackTeamCountry "AUT"]

1. c4 f5 2. Nc3 Nf6 3. d4 g6 4. Nf3 d6 5. g3 Bg7 6. Bg2 0-0 7. 0-0 Nc6 8. d5 Na5 9. Nd2 c5 10. Qc2 a6 11. a4 e5 1/2-1/2

[Event "Niederoesterreich Landesliga 1617"]
[Site "Austria"]
[Date "2016.10.23"]
[Round "2.4"]
[White "Vykydal, Frantisek"]
[Black "Strobel, Ferdinand"]
[Result "1/2-1/2"]
[WhiteElo "2128"]
[BlackElo "2037"]
[PlyCount "34"]
[EventDate "2016.10.02"]
[EventType "team-tourn"]
[EventRounds "11"]
[EventCountry "AUT"]
[SourceTitle "EXT 2018"]
[Source "ChessBase"]
[SourceDate "2017.10.13"]
[SourceVersion "1"]
[SourceVersionDate "2017.10.13"]
[SourceQuality "1"]
[WhiteTeam "Zwettl"]
[BlackTeam "Boehlerwerk"]
[WhiteTeamCountry "AUT"]
[BlackTeamCountry "AUT"]

1. e4 d6 2. Nc3 Nf6 3. d4 g6 4. h3 Bg7 5. Be3 c6 6. g3 0-0 7. Bg2 Nbd7 8. Qd2 Nb6 9. b3 e5 10. Nge2 Be6 11. 0-0 exd4 12. Nxd4 d5 13. Rad1 Qc8 14. Nxe6 fxe6 15. exd5 exd5 16. Bh6 Qc7 17. Bxg7 Qxg7 1/2-1/2

[Event "WchT Seniors 65"]
[Site "Radebeul"]
[Date "2016.07.02"]
[Round "7.14"]
[White "Strobel, Ferdinand"]
[Black "Nickl, Klaus"]
[Result "1/2-1/2"]
[WhiteElo "2037"]
[BlackElo "2028"]
[PlyCount "22"]
[EventDate "2016.06.26"]
[EventType "team-swiss"]
[EventRounds "9"]
[EventCountry "GER"]
[SourceTitle "CBM 173 Extra"]
[Source "ChessBase"]
[SourceDate "2016.08.29"]
[SourceVersion "1"]
[SourceVersionDate "2016.08.29"]
[SourceQuality "1"]
[WhiteTeam "Wien"]
[BlackTeam "Wien II"]
[WhiteTeamCountry "AUT"]
[BlackTeamCountry "AUT"]

1. e4 e6 2. d4 d5 3. exd5 exd5 4. Nf3 Bd6 5. Bd3 Ne7 6. h3 Bf5 7. 0-0 0-0 8. Nc3 c6 9. Re1 Bxd3 10. Qxd3 Na6 11. a3 f6 1/2-1/2

[Event "WchT Seniors 65"]
[Site "Radebeul"]
[Date "2016.06.29"]
[Round "4.3"]
[White "Strobel, Ferdinand"]
[Black "Goerden, Hans Juergen"]
[Result "1/2-1/2"]
[WhiteElo "2037"]
[BlackElo "1821"]
[PlyCount "29"]
[EventDate "2016.06.26"]
[EventType "team-swiss"]
[EventRounds "9"]
[EventCountry "GER"]
[SourceTitle "CBM 173 Extra"]
[Source "ChessBase"]
[SourceDate "2016.08.29"]
[SourceVersion "1"]
[SourceVersionDate "2016.08.29"]
[SourceQuality "1"]
[WhiteTeam "Wien"]
[BlackTeam "Saxone"]
[WhiteTeamCountry "AUT"]
[BlackTeamCountry "GER"]

1. f4 Nf6 2. Nf3 d5 3. e3 g6 4. d4 Bg7 5. Bd3 0-0 6. Nbd2 Bg4 7. 0-0 Qd6 8. h3 Be6 9. Ng5 Bd7 10. Qe1 c5 11. c3 cxd4 12. cxd4 Nc6 13. Nb3 Rac8 14. Bd2 b6 15. Nf3 1/2-1/2

[Event "EU-chT Seniors"]
[Site "Vienna"]
[Date "2015.07.18"]
[Round "7.11"]
[White "Strobel, Ferdinand"]
[Black "Rantanen, Veikko J"]
[Result "1-0"]
[WhiteElo "2051"]
[BlackElo "1957"]
[PlyCount "49"]
[EventDate "2015.07.12"]
[EventType "team-swiss"]
[EventRounds "9"]
[EventCountry "AUT"]
[SourceTitle "EXT 2018"]
[Source "ChessBase"]
[SourceDate "2017.10.13"]
[SourceVersion "1"]
[SourceVersionDate "2017.10.13"]
[SourceQuality "1"]
[WhiteTeam "Wien"]
[BlackTeam "Turku"]
[WhiteTeamCountry "AUT"]
[BlackTeamCountry "FIN"]

1. f4 d5 2. Nf3 Nf6 3. e3 e6 4. d4 c5 5. c3 Nc6 6. Bd3 Be7 7. Nbd2 a6 8. a4 Bd7 9. 0-0 0-0 10. Kh1 Rc8 11. Ne5 cxd4 12. exd4 Rc7 13. Qe2 Qc8 14. Ndf3 Na5 15. Nxd7 Qxd7 16. Ne5 Qc8 17. f5 Nc6 18. g4 Nd7 19. Nxf7 Rxf7 20. Bf4 exf5 21. Bxf5 Rf6 22. Bxc7 Qxc7 23. g5 Rf8 24. Qe6+ Kh8 25. Qxd7 1-0

[Event "EU-chT Seniors"]
[Site "Vienna"]
[Date "2015.07.14"]
[Round "3.13"]
[White "Yuksel, Mustafa"]
[Black "Strobel, Ferdinand"]
[Result "0-1"]
[WhiteElo "2010"]
[BlackElo "2051"]
[PlyCount "117"]
[EventDate "2015.07.12"]
[EventType "team-swiss"]
[EventRounds "9"]
[EventCountry "AUT"]
[SourceTitle "EXT 2018"]
[Source "ChessBase"]
[SourceDate "2017.10.13"]
[SourceVersion "1"]
[SourceVersionDate "2017.10.13"]
[SourceQuality "1"]
[WhiteTeam "Turkey"]
[BlackTeam "Wien"]
[WhiteTeamCountry "TUR"]
[BlackTeamCountry "AUT"]

1. d4 f5 2. Nf3 Nf6 3. g3 g6 4. Bg2 Bg7 5. 0-0 0-0 6. c4 d6 7. Nc3 Nc6 8. d5 Na5 9. Qd3 c5 10. Bf4 Ne4 11. Ng5 e5 12. dxe6 Nxg5 13. Bxd6 Bxe6 14. Bxf8 Qxd3 15. exd3 Kxf8 16. Rab1 Nc6 17. Nd5 Rd8 18. a3 a5 19. b3 Bf7 20. Rfe1 Ne6 21. b4 axb4 22. axb4 cxb4 23. Nxb4 Nxb4 24. Rxb4 Bc3 25. Rxe6 Bxe6 26. Rxb7 Rxd3 27. Bd5 Bxd5 28. cxd5 Rxd5 29. Rxh7 Bg7 30. Rh4 Rd4 31. f4 Kg8 32. Kg2 Bf6 33. Rh3 Kg7 34. Kg1 Rd2 35. Kf1 Bd4 36. Ke1 Rg2 37. Kf1 Ra2 38. Rh4 Rf2+ 39. Ke1 Bc5 40. Rh3 Ra2 41. Kf1 Ra1+ 42. Kg2 Rg1+ 43. Kf3 Rf1+ 44. Ke2 Rf2+ 45. Ke1 Ra2 46. Kf1 Ra8 47. g4 fxg4 48. Rg3 Rf8 49. Rxg4 Bd6 50. Kg1 Rxf4 51. Rg3 Ra4 52. Rh3 Ra1+ 53. Kg2 Ra2+ 54. Kg1 g5 55. Kh1 Be5 56. Kg1 Kg6 57. Kh1 Kf5 58. Rh7 Kg4 59. Rh3 0-1

[Event "EU-chT Seniors"]
[Site "Vienna"]
[Date "2015.07.12"]
[Round "1.20"]
[White "Strobel, Ferdinand"]
[Black "Tikka, Erkki"]
[Result "1/2-1/2"]
[WhiteElo "2051"]
[BlackElo "1793"]
[PlyCount "54"]
[EventDate "2015.07.12"]
[EventType "team-swiss"]
[EventRounds "9"]
[EventCountry "AUT"]
[SourceTitle "EXT 2018"]
[Source "ChessBase"]
[SourceDate "2017.10.13"]
[SourceVersion "1"]
[SourceVersionDate "2017.10.13"]
[SourceQuality "1"]
[WhiteTeam "Wien"]
[BlackTeam "Helsinki"]
[WhiteTeamCountry "AUT"]
[BlackTeamCountry "FIN"]

1. f4 d5 2. Nf3 Nf6 3. g3 Nc6 4. Bg2 e6 5. c3 g6 6. 0-0 Bg7 7. d3 0-0 8. h3 Ne8 9. Qc2 Nd6 10. e4 dxe4 11. dxe4 f6 12. Be3 Qe8 13. Na3 Kh8 14. Bc5 b6 15. Bxd6 cxd6 16. Nb5 Qe7 17. Rad1 Ba6 18. Qa4 Na5 19. Rf2 Bxb5 20. Qxb5 Rac8 21. Bf1 Rc5 22. Qd3 Nb7 23. Nd4 e5 24. Nb3 Rc7 25. f5 Bh6 26. Kh2 Rd8 27. Qd5 Nc5 1/2-1/2

[Event "Niederoesterreich Landesliga 1415"]
[Site "Austria"]
[Date "2015.02.15"]
[Round "8.2"]
[White "Schmid, Thomas"]
[Black "Strobel, Ferdinand"]
[Result "1/2-1/2"]
[WhiteElo "2193"]
[BlackElo "2086"]
[PlyCount "38"]
[EventDate "2014.10.05"]
[EventType "team-tourn"]
[EventRounds "11"]
[EventCountry "AUT"]
[SourceTitle "EXT 2016"]
[Source "ChessBase"]
[SourceDate "2015.10.08"]
[SourceVersion "1"]
[SourceVersionDate "2015.10.08"]
[SourceQuality "1"]
[WhiteTeam "Stockerau II"]
[BlackTeam "Boehlerwerk"]
[WhiteTeamCountry "AUT"]
[BlackTeamCountry "AUT"]

1. e4 d6 2. d4 Nf6 3. Nc3 g6 4. f4 Bg7 5. Nf3 c5 6. dxc5 Qa5 7. Bd3 Qxc5 8. Qe2 0-0 9. Be3 Qa5 10. 0-0 Nc6 11. a3 Ng4 12. Bd2 Qh5 13. h3 Nd4 14. Nxd4 Bxd4+ 15. Kh1 Nf6 16. Qxh5 Nxh5 17. Rf3 Bd7 18. g4 Nf6 19. Re1 Bc6 1/2-1/2

[Event "Niederoesterreich Landesliga 1415"]
[Site "Austria"]
[Date "2014.10.05"]
[Round "1.4"]
[White "Strobel, Ferdinand"]
[Black "Rechberger, Franz"]
[Result "0-1"]
[WhiteElo "2086"]
[BlackElo "2059"]
[PlyCount "74"]
[EventDate "2014.10.05"]
[EventType "team-tourn"]
[EventRounds "11"]
[EventCountry "AUT"]
[SourceTitle "EXT 2016"]
[Source "ChessBase"]
[SourceDate "2015.10.08"]
[SourceVersion "1"]
[SourceVersionDate "2015.10.08"]
[SourceQuality "1"]
[WhiteTeam "Boehlerwerk"]
[BlackTeam "Amstetten"]
[WhiteTeamCountry "AUT"]
[BlackTeamCountry "AUT"]

1. f4 d5 2. Nf3 Nf6 3. g3 g6 4. Bg2 Bg7 5. 0-0 0-0 6. c3 b6 7. d3 Bb7 8. Qa4 c5 9. f5 Qd7 10. Qh4 Qxf5 11. Bg5 Bc8 12. h3 Qe6 13. Nbd2 Bb7 14. Rae1 Nbd7 15. Bf4 b5 16. Rf2 Qb6 17. Ref1 Rae8 18. Ne5 Qe6 19. Ndf3 Nxe5 20. Bxe5 h6 21. g4 g5 22. Qg3 a5 23. a3 Rd8 24. b4 d4 25. cxd4 cxb4 26. axb4 a4 27. Nxg5 hxg5 28. Bxb7 Nd5 29. Rf5 f6 30. e4 Nxb4 31. Bc7 Rxd4 32. Rxb5 Qd7 33. Rd5 Nxd5 34. Bxd5+ Rxd5 35. exd5 Qxd5 36. Bb6 Rc8 37. Qe3 Rc2 0-1

[Event "EU-chT Seniors"]
[Site "Sibenik"]
[Date "2014.04.02"]
[Round "2.3"]
[White "Strobel, Ferdinand"]
[Black "Sale, Srdjan"]
[Result "0-1"]
[WhiteElo "2100"]
[BlackElo "2402"]
[PlyCount "56"]
[EventDate "2014.04.01"]
[EventType "team-swiss"]
[EventRounds "9"]
[EventCountry "CRO"]
[SourceTitle "CBM 159 Extra"]
[Source "ChessBase"]
[SourceDate "2014.04.24"]
[SourceVersion "1"]
[SourceVersionDate "2014.04.24"]
[SourceQuality "1"]
[WhiteTeam "Austria Wien Seniors"]
[BlackTeam "Croatia Seniors"]
[WhiteTeamCountry "AUT"]
[BlackTeamCountry "CRO"]

1. f4 b6 2. Nf3 Bb7 3. e3 g6 4. d4 Bg7 5. c4 Nf6 6. Nc3 e6 7. Bd3 d5 8. 0-0 0-0 9. b3 Nbd7 10. Ba3 c5 11. Rc1 dxc4 12. Bxc4 Qb8 13. dxc5 Nxc5 14. Bxc5 bxc5 15. Na4 Bc6 16. Ne5 Bxa4 17. bxa4 Qc7 18. Qf3 Rad8 19. Rfd1 Rxd1+ 20. Rxd1 Rc8 21. h3 Bf8 22. Ba6 Rb8 23. Bb5 c4 24. Rc1 c3 25. Nc6 Rb6 26. Nd4 Ba3 27. Rc2 Nd5 28. Ne2 Bc5 0-1

[Event "EU-chT Seniors 15th"]
[Site "Dresden"]
[Date "2013.07.28"]
[Round "9"]
[White "Danner, Lambert"]
[Black "Strobel, Ferdinand"]
[Result "1/2-1/2"]
[WhiteElo "2124"]
[BlackElo "2099"]
[PlyCount "76"]
[EventDate "2013.07.20"]
[EventType "team-swiss"]
[EventRounds "9"]
[EventCountry "GER"]
[SourceTitle "CBM 155 Extra"]
[Source "ChessBase"]
[SourceDate "2013.08.26"]
[SourceVersion "1"]
[SourceVersionDate "2013.08.26"]
[SourceQuality "1"]
[WhiteTeam "Austria"]
[BlackTeam "Vienna"]
[WhiteTeamCountry "AUT"]
[BlackTeamCountry "AUT"]

1. d4 f5 2. Nc3 Nf6 3. Bg5 e6 4. e4 fxe4 5. Nxe4 Be7 6. Bxf6 Bxf6 7. Qh5+ g6 8. Qh6 d5 9. Nxf6+ Qxf6 10. Nf3 Bd7 11. 0-0-0 Nc6 12. Qe3 0-0-0 13. c3 Rdf8 14. Bb5 Qf4 15. Bxc6 Bxc6 16. Rhe1 Bd7 17. Rd2 h6 18. Qxf4 Rxf4 19. Ne5 Rf6 20. f3 g5 21. h4 b6 22. Rh1 Rg8 23. Ng4 Rfg6 24. h5 R6g7 25. Nxh6 Rh8 26. Ng4 Be8 27. Re2 Rxh5 28. Rhe1 Bd7 29. Kd2 a5 30. Re5 Rh8 31. Ke3 c6 32. Kf2 Kc7 33. Kg3 Kd6 34. Nf2 c5 35. Nh3 cxd4 36. cxd4 Rh5 37. Kf2 Rh4 38. Nxg5 Rxd4 1/2-1/2

[Event "EU-chT Seniors 15th"]
[Site "Dresden"]
[Date "2013.07.27"]
[Round "8"]
[White "Strobel, Ferdinand"]
[Black "Wademark, Helge"]
[Result "1/2-1/2"]
[WhiteElo "2099"]
[BlackElo "2080"]
[PlyCount "25"]
[EventDate "2013.07.20"]
[EventType "team-swiss"]
[EventRounds "9"]
[EventCountry "GER"]
[SourceTitle "CBM 155 Extra"]
[Source "ChessBase"]
[SourceDate "2013.08.26"]
[SourceVersion "1"]
[SourceVersionDate "2013.08.26"]
[SourceQuality "1"]
[WhiteTeam "Vienna"]
[BlackTeam "Sweden II"]
[WhiteTeamCountry "AUT"]
[BlackTeamCountry "SWE"]

1. f4 d5 2. Nf3 c5 3. e3 Nc6 4. Bb5 Bd7 5. b3 e6 6. Bxc6 Bxc6 7. Bb2 Nf6 8. Ne5 Rc8 9. d3 Be7 10. Nd2 b5 11. 0-0 Bb7 12. Rf3 c4 13. Bd4 1/2-1/2

[Event "EU-chT Seniors 15th"]
[Site "Dresden"]
[Date "2013.07.25"]
[Round "6"]
[White "Ashby, Anthony"]
[Black "Strobel, Ferdinand"]
[Result "1-0"]
[WhiteElo "2116"]
[BlackElo "2099"]
[PlyCount "41"]
[EventDate "2013.07.20"]
[EventType "team-swiss"]
[EventRounds "9"]
[EventCountry "GER"]
[SourceTitle "CBM 155 Extra"]
[Source "ChessBase"]
[SourceDate "2013.08.26"]
[SourceVersion "1"]
[SourceVersionDate "2013.08.26"]
[SourceQuality "1"]
[WhiteTeam "England II"]
[BlackTeam "Vienna"]
[WhiteTeamCountry "ENG"]
[BlackTeamCountry "AUT"]

1. e4 d6 2. d4 Nf6 3. f3 c6 4. c4 g6 5. Nc3 Bg7 6. Be3 Nbd7 7. Bd3 e5 8. d5 0-0 9. Nce2 Nh5 10. g4 Nf4 11. Nxf4 exf4 12. Bxf4 Ne5 13. Be2 f5 14. gxf5 gxf5 15. Qd2 Qh4+ 16. Bg3 Qh6 17. f4 Ng6 18. 0-0-0 c5 19. Kb1 Kh8 20. Bf1 fxe4 21. Ne2 1-0

[Event "EU-chT Seniors 15th"]
[Site "Dresden"]
[Date "2013.07.21"]
[Round "2"]
[White "Strobel, Ferdinand"]
[Black "Chernikov, Oleg L"]
[Result "1/2-1/2"]
[WhiteElo "2099"]
[BlackElo "2406"]
[PlyCount "37"]
[EventDate "2013.07.20"]
[EventType "team-swiss"]
[EventRounds "9"]
[EventCountry "GER"]
[SourceTitle "CBM 155 Extra"]
[Source "ChessBase"]
[SourceDate "2013.08.26"]
[SourceVersion "1"]
[SourceVersionDate "2013.08.26"]
[SourceQuality "1"]
[WhiteTeam "Vienna"]
[BlackTeam "Russia"]
[WhiteTeamCountry "AUT"]
[BlackTeamCountry "RUS"]

1. f4 Nf6 2. Nf3 g6 3. g3 Bg7 4. Bg2 c5 5. d3 d5 6. 0-0 0-0 7. c3 Nc6 8. Na3 Rb8 9. Nc2 d4 10. c4 a6 11. a4 b6 12. Bd2 a5 13. h3 h5 14. Ng5 Nb4 15. Nxb4 axb4 16. Qe1 Bf5 17. Qf2 Nh7 18. Nxh7 Kxh7 19. g4 1/2-1/2

[Event "EU-chT Seniors"]
[Site "Rogaska Slatina"]
[Date "2012.04.03"]
[Round "8.2"]
[White "Strobel, Ferdinand"]
[Black "Golcman, Evgeny"]
[Result "0-1"]
[WhiteElo "2129"]
[BlackElo "2285"]
[PlyCount "56"]
[EventDate "2012.03.27"]
[EventType "team-swiss"]
[EventRounds "9"]
[EventCountry "SLO"]
[SourceTitle "CBM 147 Extra"]
[Source "ChessBase"]
[SourceDate "2012.04.24"]
[SourceVersion "1"]
[SourceVersionDate "2012.04.24"]
[SourceQuality "1"]
[WhiteTeam "Vienna (Seniors)"]
[BlackTeam "St Petersburg (Seniors)"]
[WhiteTeamCountry "AUT"]
[BlackTeamCountry "RUS"]

1. f4 c5 2. Nf3 Nf6 3. d3 g6 4. g3 Bg7 5. Bg2 0-0 6. 0-0 d6 7. e4 Nc6 8. Nc3 Rb8 9. a4 a6 10. h3 b5 11. axb5 axb5 12. g4 b4 13. Ne2 Bb7 14. Ng3 Ra8 15. Rxa8 Qxa8 16. Qe2 Nd7 17. b3 Qa2 18. Be3 Ra8 19. Qf2 Qb2 20. Rd1 Bc3 21. Kh2 Ra2 22. Rc1 Nd4 23. Nxd4 cxd4 24. Bd2 Nc5 25. Bxc3 Qxc1 26. Bxd4 Qxc2 27. Bxc5 Qxf2 28. Bxf2 Rxf2 0-1

[Event "EU-chT Seniors"]
[Site "Rogaska Slatina"]
[Date "2012.03.30"]
[Round "4.5"]
[White "Zunker, Reinhard"]
[Black "Strobel, Ferdinand"]
[Result "1/2-1/2"]
[WhiteElo "2177"]
[BlackElo "2129"]
[PlyCount "22"]
[EventDate "2012.03.27"]
[EventType "team-swiss"]
[EventRounds "9"]
[EventCountry "SLO"]
[SourceTitle "CBM 147 Extra"]
[Source "ChessBase"]
[SourceDate "2012.04.24"]
[SourceVersion "1"]
[SourceVersionDate "2012.04.24"]
[SourceQuality "1"]
[WhiteTeam "Hessen (Seniors)"]
[BlackTeam "Vienna (Seniors)"]
[WhiteTeamCountry "GER"]
[BlackTeamCountry "AUT"]

1. e4 d6 2. d4 Nf6 3. Nc3 g6 4. g3 Bg7 5. Bg2 0-0 6. Nge2 c6 7. 0-0 e5 8. h3 Qc7 9. a4 a5 10. Be3 Na6 11. Qd2 Kh8 1/2-1/2

[Event "EU-chT Seniors"]
[Site "Thessaloniki"]
[Date "2011.05.09"]
[Round "7"]
[White "Strobel, Ferdinand"]
[Black "Hadar, Avner"]
[Result "1-0"]
[WhiteElo "2128"]
[BlackElo "1600"]
[PlyCount "32"]
[EventDate "2011.05.03"]
[EventType "team-swiss"]
[EventRounds "9"]
[EventCountry "GRE"]
[SourceTitle "CBM 142 Extra"]
[Source "ChessBase"]
[SourceDate "2011.06.27"]
[SourceVersion "1"]
[SourceVersionDate "2011.06.27"]
[SourceQuality "1"]
[WhiteTeam "Niederoesterreich"]
[BlackTeam "Israel II"]
[WhiteTeamCountry "AUT"]
[BlackTeamCountry "ISR"]

1. f4 Nf6 2. Nf3 e6 3. g3 c5 4. Bg2 Nc6 5. 0-0 d5 6. d3 g6 7. c3 Bg7 8. Qe1 0-0 9. h3 d4 10. c4 Rb8 11. Na3 a6 12. Bd2 b5 13. b3 Nd7 14. g4 b4 15. Nc2 Ne7 16. Qh4 Bb7 1-0

[Event "EU-chT Seniors"]
[Site "Thessaloniki"]
[Date "2011.05.07"]
[Round "5"]
[White "Strobel, Ferdinand"]
[Black "Werner, Clemens"]
[Result "0-1"]
[WhiteElo "2128"]
[BlackElo "2344"]
[PlyCount "50"]
[EventDate "2011.05.03"]
[EventType "team-swiss"]
[EventRounds "9"]
[EventCountry "GRE"]
[SourceTitle "CBM 142 Extra"]
[Source "ChessBase"]
[SourceDate "2011.06.27"]
[SourceVersion "1"]
[SourceVersionDate "2011.06.27"]
[SourceQuality "1"]
[WhiteTeam "Niederoesterreich"]
[BlackTeam "Germany"]
[WhiteTeamCountry "AUT"]
[BlackTeamCountry "GER"]

1. f4 g6 2. Nf3 Bg7 3. g3 d5 4. Bg2 c5 5. d3 Nc6 6. 0-0 Nf6 7. Nc3 d4 8. Na4 Nd7 9. c4 Qc7 10. a3 b6 11. Rb1 a5 12. e4 0-0 13. Bd2 e6 14. b3 Bb7 15. g4 Bh6 16. Nh4 f6 17. f5 Bxd2 18. Qxd2 exf5 19. gxf5 g5 20. Nf3 Kh8 21. Nb2 Rg8 22. Kh1 g4 23. Nh4 Rg5 24. Rf4 Nde5 25. Qe2 Rag8 0-1